Catàleg del Col·legi de Periodistes de Catalunya

Enric Prat de la Riba (Registre núm. 1179)

000 -CABECERA
Longitud fija campo de control 00485naa a2200157 a 4500
001 - NÚMERO DE CONTROL
Número de control 1179
003 - IDENTIFICADOR DEL NÚMERO DE CONTROL
Identificador del número de control CDMR
005 - FECHA Y HORA DE LA ÚLTIMA TRANSACCIÓN
Fecha y hora de la última transacción 20130328100705.0
008 - CÓDIGOS DE INFORMACIÓN DE LONGITUD FIJA
Códigos de información de longitud fija 130130s ||||||||||||r|||||||||||||||d
040 ## - FUENTE DE LA CATALOGACIÓN
Centro catalogador de origen CDMR
Lengua de catalogación cat
Centro transcriptor CDMR
100 1# - PUNTO DE ACCESO PRINCIPAL-NOMBRE DE PERSONA
Nombre de persona Pellicena, Joaquim
9 (RLIN) 925
245 10 - MENCIÓN DE TÍTULO
Título Enric Prat de la Riba
Resto del título : conferència a Ràdio Barcelona : dia 3 de juny
600 14 - PUNTO DE ACCESO ADICIONAL DE MATERIA - NOMBRE DE PERSONA
Nombre de persona Prat de la Riba, Enric
9 (RLIN) 924
773 0# - ENLACE AL DOCUMENTO FUENTE
Título Associació de Periodistes de Barcelona
Parte(s) relacionada(s) Any II, 1933, p.215-225
Número de control del registro relacionado 315
942 ## - ENTRADA DE ELEMENTOS AGREGADOS (KOHA)
Koha [por defecto] tipo de item Capítols
Fuente de clasificaión o esquema
Fons
Suprimido Perdido Estropeado No para préstamo Localización permanente Localización actual Fecha adquisición Préstamos totales Código de barras Fecha última consulta Fecha del precio de reemplazo Tipo de item de Koha
        Centre de Documentació Montserrat Roig Centre de Documentació Montserrat Roig 2013-01-16   66018520130116125152 2013-01-16 2013-01-16 Capítols

Implantat amb Koha